| 000 | 00717cam a2200205 4500 | ||
|---|---|---|---|
| 001 | WB3639-37 | ||
| 008 | 000000n2000 000 0 eng u | ||
| 035 | _a(Sirsi) u108641 | ||
| 245 | _aRICS Awards | ||
| 260 | _c2000 | ||
| 490 |
_aRICS Press Release _v(pr115) 3 October 2000 |
||
| 520 | _aTwenty two RICS Awards winners were announced at a ceremony attended by HRH The Prince of Wales in London's Docklands. The 'Building of the Year' award went to Ty Mawr, a medieval house in Wales. List of winners. | ||
| 590 | _aWB | ||
| 650 | _aABOUT RICS-AWARDS | ||
| 650 | _aBUILT ENVIRONMENT-CONSTRUCTION DESIGN | ||
| 650 | _aBUILDING CONSERVATION | ||
| 650 | _aREGENERATION | ||
| 690 | _aRICS NEWS | ||
| 942 | _n0 | ||
| 999 |
_c64862 _d64862 |
||